000 00787nam a2200277 a 4500
001 vtls001401470
003 NLI
005 20210627113001.0
008 121127s1957 enka 001 0 eng
020 _cRs. 35.00
039 9 _y201211272011
_zVLOAD
040 _aNLI
_beng
_cDatasoft_2012
_eAACR2
041 0 _aeng
044 _a enk
082 0 4 _a 599.8
100 1 _aSanderson, Ivan T.
_q(Ivan Terence),
_d1911-1973
_9975652
245 1 4 _aThe monkey kingdom /
_cIvan T. Sanderson
260 _aLondon :
_bHamish Hamilton,
_c1957
300 _a200 p. :
_bill. ;
_c29 cm.
504 _aIncludes bibliographical references and index
650 0 _aPrimates
_9703531
887 _a
901 _a321075
_b06.05.1958
902 _aS.T 599.8 Sa 56
999 _aVIRTUA40
_c856320
_d856320
942 _2ddc
_cBKS